000 00293nam a22001337a 4500
008 170126b xxu||||| |||| 00| 0 eng d
020 _a9780815136118
041 _aeng
080 _a61
100 _a3
101 _aSHM
245 _aHEALTH PROMOTION HANDBOOK
_cGORIN, SH.SH
942 _2udc
_cBK
999 _c3809
_d3809